000 00472nam a2200157 i 4500
001 62778
003 ES-MaACL
005 20230906164727.0
007 t|
008 031125s1952 sp ||||1| spa d
100 1 _aFernández Maza, Rafael.
_949919
245 1 3 _aLa jornada
_b: teoría del valor económico /
_cRafael Fernández Maza.
260 _aMadrid :
_bDossat,
_c1952 (
_fSelecciones Gráficas)
300 _a268 p. ;
_c21 cm.
852 _aES-MaACL
_jD-8205
_bR.32158
999 _c62778
_d62778